SPEAKING OF FILMS (Record no. 32126)
[ view plain ]
| 000 -LEADER | |
|---|---|
| fixed length control field | 00305nam a22001457a 4500 |
| 003 - CONTROL NUMBER IDENTIFIER | |
| control field | SGT |
| 020 ## - INTERNATIONAL STANDARD BOOK NUMBER | |
| International Standard Book Number | 9780144000265 |
| 082 ## - DEWEY DECIMAL CLASSIFICATION NUMBER | |
| Classification number | 791.43 |
| Item number | RAY |
| 100 ## - MAIN ENTRY--PERSONAL NAME | |
| Personal name | RAY SATYAJIT |
| 245 ## - TITLE STATEMENT | |
| Title | SPEAKING OF FILMS |
| 260 ## - PUBLICATION, DISTRIBUTION, ETC. (IMPRINT) | |
| Place of publication, distribution, etc | INDIA |
| Year of Publication | 2020 |
| Name of publisher, distributor, etc | PENGUIN BOOK PUB. |
| 300 ## - PAGE DESCRIPTION | |
| No. of Pages | 220 |
| 650 ## - SUBJECT ADDED ENTRY--TOPICAL TERM | |
| Topical term or geographic name as entry element | BJMC |
| 942 ## - ADDED ENTRY ELEMENTS (KOHA) | |
| Source of classification or shelving scheme | Dewey Decimal Classification |
| Koha item type | Books |
| Withdrawn status | Lost status | Source of classification or shelving scheme | Damaged status | Not for loan | Home library | Current library | Shelving location | Date acquired | Vendor Name | Cost, normal purchase price | SGTU | Bill Number | Full call number | Accession No. (Barcode) | Date last seen | Bill Date | Koha item type | Total Checkouts | Date last borrowed |
|---|---|---|---|---|---|---|---|---|---|---|---|---|---|---|---|---|---|---|---|
| Dewey Decimal Classification | Not For Loan | SGT Science & Social Sciences Library | SGT Science & Social Sciences Library | Reference Book | 19/07/2025 | BRIJWASHI DELHI | 299.00 | SGTU | BW/000214 | 791.43 RAY | MC1231 | 19/07/2025 | Books | ||||||
| Dewey Decimal Classification | SGT Science & Social Sciences Library | SGT Science & Social Sciences Library | 19/07/2025 | BRIJWASHI DELHI | 299.00 | SGTU | BW/000214 | 791.43 RAY | MC1232 | 23/02/2026 | Books | 1 | 11/02/2026 | ||||||
| Dewey Decimal Classification | SGT Science & Social Sciences Library | SGT Science & Social Sciences Library | 19/07/2025 | BRIJWASHI DELHI | 299.00 | SGTU | BW/000214 | 791.43 RAY | MC1233 | 19/07/2025 | Books | ||||||||
| Dewey Decimal Classification | SGT Science & Social Sciences Library | SGT Science & Social Sciences Library | 19/07/2025 | BRIJWASHI DELHI | 299.00 | SGTU | BW/000214 | 791.43 RAY | MC1234 | 19/07/2025 | Books | ||||||||
| Dewey Decimal Classification | SGT Science & Social Sciences Library | SGT Science & Social Sciences Library | 19/07/2025 | BRIJWASHI DELHI | 299.00 | SGTU | BW/000214 | 791.43 RAY | MC1235 | 19/07/2025 | Books |